LEADER 01154nam a2200289 i 4500 001 000000071097 003 CaOOAMICUS 005 20190515143651.0 008 080922s1961 it u000 u ita u 013 $a42269 040 $aSeMil$bita 240 10$aBuddenbrooks :$bVerfall einer Familie.$0(OLS)http://semarc/title/114287 245 12$aI Buddenbrook :$bdecadenza di una famiglia /$ctraduzione di Ervino Pocar. 250 $a4. Ed. 300 $aXX, 997 p. 490 0 $aI classici contemporanei stranieri 500 $aFondo Ciprandi. 700 1 $aPocar, Ervino,$d<1892-1981>.$0(OLS)http://semarc/name/5929 700 1 $aMann, Thomas,$d<1875-1955>.$0(OLS)http://semarc/name/1550 773 0 $aMann, Thomas <1875-1955>$tTutte le opere.$dMilano : Mondadori, 1954.$g3$w()1708 830 2$aI classici contemporanei stranieri.$0(OLS)http://semarc/title/14180 850 $aSeMil 852 $aSeMil$W1$xVenegono$y1$m1W III 252$j37250$B37250$CSeMilBibl$Z2$F37253 $81 941 1 $a1 961 $aOmaggio: Ciprandi dott. Paolo 996 $6245$aI Buddenbrook :$bdecadenza di una famiglia$9(OLS)http://semarc/title/114286 LEADER 00924nam a2200229 i 4500 001 000000081914 003 CaOOAMICUS 005 20160127000000.0 008 160127s1928 it u000 u ita u 013 $a54154 040 $aSeMil$bita 100 1 $aRoggeri, Edoardo.$0(OLS)http://semarc/name/38902 245 10$aSchubert :$bla vita, le opere /$cEdoardo Roggeri. 260 $aTorino :$bFratelli Bocca,$c1928. 300 $a246 p., [19] p. di tav. :$bill. ;$c20 cm. 490 0 $aBiblioteca artistica ;$v20. 600 14$aSchubert, Franz <1797-1828>.$0(OLS)http://semarc/subject/16090 830 0$aBiblioteca artistica ;$v20.$0(OLS)http://semarc/title/44084 850 $aSeMil 852 $aSeMil$W1$xVenegono$y1$m3Q I 31$j47071$B47071$CSeMilBibl$Z2$F49513 $81 996 $6245$aSchubert :$bla vita, le opere$9(OLS)http://semarc/title/129284 996 $6260$aTorino :$bFratelli Bocca$9(OLS)http://semarc/publisher/31876